000 00365nam a2200133Ia 4500
008 210210b1986 xxu||||| |||| 00| 0 eng d
082 _a336.2422 PALT
100 _aPALAT (Raghu R).
245 _aTax planning for the salaried employee.
260 _aBangalore
_bJaico Publishing House
_c1986
650 _aTax Planning
690 _aPublic Finance
906 _a039300
999 _c89534
_d89534